Zajišťovací prostředky v zahraničním obchodě

Riziká vyskytujúce sa v oblasti zahraničného obchodu a stručný prehľad možných spôsobov ich eliminácie. Podstata zaisťovacích prostriedkov v zahraničnom obchode. Druhy zaisťovacích prostriedkov v zahraničnom obchode.

Salvato in:
Dettagli Bibliografici
Autore principale: Hradil, Vladimír
Natura: Capitolo di libro
Lingua:ceco
Soggetti:
Tags: Aggiungi Tag
Nessun Tag, puoi essere il primo ad aggiungerne!!

MARC

LEADER 00000naa$a2200000$$$4500
001 0054727
005 20231017070155.5
041 0 |a cze 
044 |a CZ 
245 1 0 |a Zajišťovací prostředky v zahraničním obchodě  |c Vladimír Hradil 
520 |a Riziká vyskytujúce sa v oblasti zahraničného obchodu a stručný prehľad možných spôsobov ich eliminácie. Podstata zaisťovacích prostriedkov v zahraničnom obchode. Druhy zaisťovacích prostriedkov v zahraničnom obchode. 
610 2 0 |a zaistenie 
610 2 0 |a obchod zahraničný 
610 2 0 |a riziko obchodné 
610 2 0 |a riziko poistné 
610 2 0 |a vývoz 
100 1 |a Hradil, Vladimír